LEADER 00772nam a2200181 i 4500 001 000000055139 003 CaOOAMICUS 005 19970617000000.0 008 970617n it u000 u ita u 013 $a26311 040 $aSeMil$bita 100 1 $aFelice : da Mareto .$0(OLS)http://semarc/name/27612 245 14$aIl "Direttorio Mistico" del P. Bernardo da Castelvetere, Cap. (1708-1756) 650 4$aMistica cristiana - Storia - Sec. 17.-18.$0(OLS)http://semarc/subject/1728 650 4$aTesi di laurea.$0(OLS)http://semarc/subject/1690 850 $aSeMil 852 $aSeMil$W1$xVenegono$y1$m2I II 329$j21293$B21293$CSeMilBibl$Z2$F21295 $81 996 $6245$aIl "Direttorio Mistico" del P. Bernardo da Castelvetere, Cap. (1708-1756)$9(OLS)http://semarc/title/85482 LEADER 00799nam a2200193 i 4500 001 000000201329 003 CaOOAMICUS 005 20251204115952.0 008 120201s1818 it u000 u ita u 013 $a180030 026 $aa.ne O.++ a.ta T*Hi (3) 1818 (A) 040 $aSeMil$bita 245 10$aVol. 1. 300 $a[12], 460 p. 773 0 $aPropertius, Sextus $tQuattro libri delle elegie di Sesto Aurelio Properzio recati in versi italiani con varianti e note dal cavaliere Michele Vismara. Vol. 1. [-2.].$dMilano : dalla tipografia di Vincenzo Ferrario, 1818.$g1$w()26186 850 $aSeMil 852 $aSeMil$W1$xVenegono$y1$m1X III 71 FA$j151855$B151855$CSeMilBibl$Z2$F172192 $8I 996 $6245$aVol. 1$9(OLS)http://semarc/title/13429